It looks like you're offline.
Open Library logo
additional options menu

MARC Record from Scriblio

Record ID marc_records_scriblio_net/part16.dat:159220047:803
Source Scriblio
Download Link /show-records/marc_records_scriblio_net/part16.dat:159220047:803?format=raw

LEADER: 00803nam 22002057a 4500
001 83148397
003 DLC
005 19990706172653.1
007 he|ama|||baca
008 830513s1980 ncua b 000 0 eng
010 $a 83148397
040 $aDLC$cDLC$dDLC
050 00 $aMicrofiche 82/225 (L)
100 1 $aHawkins, Quail.
245 14 $aThe art of bookselling$h[microform] :$bQuail Hawkins and the Sather Gate Book Shop /$can interview conducted in 1978 by Marsha Maguire.
260 $aSanford, N. C. :$bMicrofilming Corp. of America,$cc1980.
300 $a2 microfiches :$bill.
440 0 $aUniversity of California, Berkeley. Outstanding women of California oral history collection ;$vno. 10
440 0 $aBooks and printing in the San Francisco Bay area series
500 $aMicRR guide no.: AI3.O7 no.3.